| 000 | 00443 a2200145 4500 | ||
|---|---|---|---|
| 005 | 20250619105228.0 | ||
| 020 | _a978-1-5264-9218-0 | ||
| 082 | _a371.9 PEE | ||
| 245 | _aSpecial Educational Needs : A Guide for Inclusive Practice | ||
| 250 | _a3rd Ed. | ||
| 260 |
_aLondon, _bSage publications Ltd, _c2021. |
||
| 300 |
_axvi, 399p.: Ill.; figures & table. _bGlossary & Index _c23cm. |
||
| 700 | _aPEER, L. & REID, G. | ||
| 942 |
_2ddc _cBKS |
||
| 999 |
_c4408 _d4408 |
||